Activity of NADH oxidase from Thermus thermophilus in water/alcohol binary mixtures is limited by the stability of quaternary structure

Bibliographic Details
Main Authors: Tóth, Kamil (Author), Sedlák, Erik, 1970- (Author), Musatov, Andrej (Author), Žoldík, Gabriel (Author)
Format: Article
Language:English
PhysicalDescription:Obr.
ISBN:9788096806065
Subjects:

MARC

LEADER 00000naa a2200000 a 4500
001 vtls010260556
003 SK-MaSNL
005 20260319074732.0
008 11030220s2009 xo o |0||||||||0|||b|en
015 |a SNBRA2010/07 
035 |a SVKKK000101309 
038 |a SVKKK 
040 |a SVKKK  |b slo  |c SVKKK  |e AACR2 
041 0 |a eng 
044 |a xo  |c SK 
080 |a 547.963  |2 1997 
245 0 0 |a Activity of NADH oxidase from Thermus thermophilus in water/alcohol binary mixtures is limited by the stability of quaternary structure  |c K. Tóth ... [et al.] 
300 |b Obr. 
504 |a Bibliogr. odkazy 
650 0 7 |a oxidáza NADH  |2 SNK  |9 832383 
650 0 7 |a Thermus thermophilus  |2 SNK  |9 832384 
700 1 |a Tóth, Kamil  |4 aut  |9 797100 
700 1 |a Sedlák, Erik,  |d 1970-  |4 aut  |9 251154 
700 1 |a Musatov, Andrej  |4 aut  |9 832385 
700 1 |a Žoldík, Gabriel  |4 aut  |9 832386 
773 0 |t Structure and stability of biomacromolecules SSB 2009. Book of contributions  |d Košice : Ústav experimentálnej fyziky Slovenskej akadémie vied, 2009  |z 9788096806065  |g S. 100-101 
852 |a SVKKK  |b BIB 
958 |a NB 
999 |c 1341213  |d 1343143